Chemical conversion factors and yields : commercial and theoretical /

Bibliographic Details
Main Author: Blackford, Judith L.
Other Authors: Davenport, Robert E., Klapproth, Elaine M.
Format: Book
Language:English
Published: Menlo Park, Calif. : Chemical Information Services, Stanford Research Institute, [1977]
Edition:2nd ed.
Subjects:

MARC

Tag First Indicator Second Indicator Subfields
LEADER 00000cam a2200000 a 4500
001 in00000073952
005 20151008060105.0
008 770718s1977 caua 00010 engm
010 |a  77151186  
035 |a (OCoLC)03167537 
035 |9 AAJ5107AM 
040 |a DLC  |c DLC  |d TXA  |d UtOrBLW 
049 |a TXAM  |c [1502536] 
050 0 0 |a TP155.7  |b .B55 1977 
082 0 |a 660.2/8/00212 
100 1 |a Blackford, Judith L. 
245 1 0 |a Chemical conversion factors and yields :  |b commercial and theoretical /  |c by Judith L. Blackford, with Robert E. Davenport, Elaine M. Klapproth. 
250 |a 2nd ed. 
264 1 |a Menlo Park, Calif. :  |b Chemical Information Services, Stanford Research Institute,  |c [1977] 
264 4 |c ©1977 
300 |a xvi, 117 pages :  |b illustrations ;  |c 29 cm. 
336 |a text  |b txt  |2 rdacontent 
337 |a unmediated  |b n  |2 rdamedia 
338 |a volume  |b nc  |2 rdacarrier 
650 0 |a Chemical processes  |x Tables. 
700 1 |a Davenport, Robert E. 
700 1 |a Klapproth, Elaine M. 
999 |a MARS 
999 f f |s 9b778b4d-d3ad-34e7-b1f7-be0477c62b9e  |i 45ecbcc2-1a98-335f-a027-fdb30c581e36  |t 0 
952 f f |p normal  |a Texas A&M University  |b College Station  |c Sterling C. Evans Library  |d Evans: Library Stacks  |t 0  |e TP155.7 .B55 1977  |h Library of Congress classification  |i unmediated -- volume  |m A14806256038 
998 f f |a TP155.7 .B55 1977  |t 0  |l Evans: Library Stacks